[Event "Winnipeg TNT July op"]
[Site "Winnipeg CAN"]
[Date "2009.07.21"]
[Round "3"]
[White "Swift, Ryne"]
[Black "Oberton, Daniel"]
[Result "0-1"]
[WhiteElo "1737"]
[BlackElo "2011"]
[PlyCount "118"]
[GameId "2160767910156398"]
[EventDate "2009.07.07"]
[EventType "swiss"]
[EventRounds "4"]
[EventCountry "CAN"]
[SourceTitle "EXT 2011"]
[Source "ChessBase"]
[SourceDate "2011.11.26"]
[SourceVersion "1"]
[SourceVersionDate "2011.11.26"]
[SourceQuality "1"]

1. e4 c5 2. Nf3 d6 3. d4 cxd4 4. Nxd4 Nf6 5. Nc3 g6 6. f3 Bg7 7. Be3 Nc6 8. Qd2 O-O 9. O-O-O Nxd4 10. Bxd4 Be6 11. g4 Qa5 12. Kb1 Rfc8 13. a3 Rab8 14. h4 b5 15. Bxf6 Bxf6 16. Nd5 Qxd2 17. Nxf6+ Kg7 18. Rxd2 Kxf6 19. Be2 Bc4 20. Rh2 Ke5 21. Bxc4 Rxc4 22. b3 Rc3 23. Rh3 Kf4 24. Rf2 Rbc8 25. Kb2 Re3 26. c4 bxc4 27. b4 a5 28. h5 g5 29. Ka2 axb4 30. axb4 Ra8+ 31. Kb1 Rb8 32. Ra2 Rxb4+ 33. Kc1 Rxf3 34. Rxf3+ Kxf3 35. Ra7 Kxg4 36. Rxe7 Kxh5 37. Rxf7 Kg6 38. Rd7 Rb6 39. Rc7 g4 40. Rxc4 h5 41. Kd1 Kg5 42. Ke2 Kf4 43. Kf2 Rb2+ 44. Kg1 Rd2 45. Kh1 Kf3 46. Rc1 Kxe4 47. Rc4+ Kf3 48. Rc3+ Kf4 49. Rc4+ Kg3 50. Rc3+ Kh4 51. Rc4 Kh3 52. Rc3+ g3 53. Rc1 d5 54. Rb1 d4 55. Kg1 d3 56. Rf1 Re2 57. Rd1 d2 58. Kf1 Re1+ 59. Rxe1 dxe1=Q+ 0-1

[Event "Winnipeg TNT July op"]
[Site "Winnipeg CAN"]
[Date "2009.07.21"]
[Round "3"]
[White "Wasserman, Leor"]
[Black "Lipic, Stephen"]
[Result "1-0"]
[WhiteElo "1630"]
[BlackElo "1725"]
[PlyCount "105"]
[GameId "2160767910156399"]
[EventDate "2009.07.07"]
[EventType "swiss"]
[EventRounds "4"]
[EventCountry "CAN"]
[SourceTitle "EXT 2011"]
[Source "ChessBase"]
[SourceDate "2011.11.26"]
[SourceVersion "1"]
[SourceVersionDate "2011.11.26"]
[SourceQuality "1"]

1. e4 c6 2. d4 Na6 3. Nc3 Nc7 4. Bf4 Ne6 5. Bg3 d5 6. exd5 cxd5 7. Nf3 Nf6 8. Ne5 a6 9. Be2 Qb6 10. Na4 Qxd4 11. Qxd4 Nxd4 12. Nb6 Rb8 13. Nd3 Nxc2+ 14. Kd2 Nxa1 15. Bxb8 Ne4+ 16. Kc1 Bf5 17. f3 Nf6 18. Kb1 Nb3 19. axb3 e6 20. Rc1 Be7 21. Rc8+ Bd8 22. Bc7 Ke7 23. Bxd8+ Rxd8 24. Rc7+ Kd6 25. Rxf7 Kc6 26. Na4 d4 27. Nac5 Rd5 28. Kc1 Rxc5+ 29. Nxc5 Kxc5 30. Rxb7 d3 31. Bf1 Nd5 32. Kd2 Nb4 33. g4 Bg6 34. h4 h5 35. Rxg7 Be8 36. Bxd3 hxg4 37. fxg4 Bc6 38. h5 e5 39. h6 Kd4 40. h7 Nxd3 41. h8=Q Nf4 42. Qd8+ Nd5 43. Rc7 Bb5 44. b4 e4 45. Rc5 e3+ 46. Ke1 Bc4 47. Rxd5+ Bxd5 48. g5 Kc4 49. g6 Be4 50. g7 a5 51. g8=Q+ Kxb4 52. Qb6+ Ka4 53. Qbb3# 1-0

[Event "Winnipeg TNT July op"]
[Site "Winnipeg CAN"]
[Date "2009.07.21"]
[Round "3.4"]
[White "Greenberg, Harley"]
[Black "Boron, Anthony"]
[Result "0-1"]
[WhiteElo "1788"]
[BlackElo "2000"]
[PlyCount "88"]
[GameId "2160767910156400"]
[EventDate "2009.07.07"]
[EventType "swiss"]
[EventRounds "4"]
[EventCountry "CAN"]

1. e4 c5 2. Nf3 a6 3. d4 cxd4 4. Nxd4 Nf6 5. Nc3 e5 6. Nb3 Bb4 7. Bd3 Nc6 8. O-O O-O 9. Nd5 Be7 10. Be3 d6 11. Qd2 Be6 12. Rad1 Bxd5 13. exd5 Nb8 14. f3 b5 15. Na5 Kh8 16. c4 Re8 17. b4 Bf8 18. Bg5 bxc4 19. Bxc4 Nbd7 20. Nc6 Qc7 21. Rc1 Qb7 22. Be3 Nb6 23. Bb3 Nbd7 24. Na5 Qb8 25. Rc6 e4 26. Rfc1 exf3 27. Rc7 Ne5 28. Rb7 Qd8 29. Bb6 Ne4 30. Bxd8 Nxd2 31. Bh4 fxg2 32. Kxg2 Nd3 33. Rcc7 Re2+ 34. Kh3 Ne5 35. Bd1 Re3+ 36. Bg3 Ne4 37. Nc4 Nxc4 38. Ra7 Rxa7 39. Rxc4 Nf2+ 40. Kh4 Rxg3 41. Kxg3 Nxd1 42. Rc8 Kg8 43. Kf3 f5 44. Ke2 Nb2 0-1

[Event "Winnipeg TNT July op"]
[Site "Winnipeg CAN"]
[Date "2009.07.28"]
[Round "4"]
[White "Boron, Anthony"]
[Black "Schulz, Waldemar"]
[Result "1/2-1/2"]
[WhiteElo "2000"]
[BlackElo "2048"]
[PlyCount "70"]
[GameId "2160767910156401"]
[EventDate "2009.07.07"]
[EventType "swiss"]
[EventRounds "4"]
[EventCountry "CAN"]
[SourceTitle "EXT 2011"]
[Source "ChessBase"]
[SourceDate "2011.11.26"]
[SourceVersion "1"]
[SourceVersionDate "2011.11.26"]
[SourceQuality "1"]

1. d4 Nf6 2. Nf3 g6 3. Nc3 d5 4. Bf4 Bg7 5. e3 O-O 6. Be2 c6 7. h4 Bg4 8. Ne5 Bxe2 9. Qxe2 Nbd7 10. h5 Nxh5 11. Rxh5 gxh5 12. Nxd7 Qxd7 13. Qxh5 Qe6 14. O-O-O Qg6 15. Qh3 Rfd8 16. Rh1 c5 17. Bc7 cxd4 18. Bxd8 Rxd8 19. exd4 Bxd4 20. Ne2 Be5 21. f4 Bg7 22. f5 Qg5+ 23. Kb1 h6 24. Rd1 Rd6 25. Rd3 Qf6 26. c3 e5 27. Ng3 Qe7 28. Nh5 Bf6 29. Nxf6+ Qxf6 30. Rg3+ Kh7 31. Qg4 Rd8 32. Kc2 Qh8 33. Qh5 Qf6 34. Qg4 Qh8 35. Qh5 Qf6 1/2-1/2

[Event "Winnipeg TNT July op"]
[Site "Winnipeg CAN"]
[Date "2009.07.28"]
[Round "4"]
[White "Hemphill, Jim"]
[Black "Evans, Brian"]
[Result "1-0"]
[WhiteElo "1711"]
[BlackElo "1591"]
[PlyCount "49"]
[GameId "2160767910156402"]
[EventDate "2009.07.07"]
[EventType "swiss"]
[EventRounds "4"]
[EventCountry "CAN"]
[SourceTitle "EXT 2011"]
[Source "ChessBase"]
[SourceDate "2011.11.26"]
[SourceVersion "1"]
[SourceVersionDate "2011.11.26"]
[SourceQuality "1"]

1. d4 d5 2. c4 e6 3. Nc3 Nf6 4. cxd5 exd5 5. Bg5 Be7 6. Nf3 Nc6 7. e3 a6 8. Rc1 h6 9. Bh4 Bg4 10. Bxf6 Bxf6 11. Qb3 Bxf3 12. gxf3 Ne7 13. Qxb7 Qb8 14. Qxb8+ Rxb8 15. b3 a5 16. Bd3 O-O 17. Kd2 c6 18. Rc2 Rfc8 19. Na4 Rc7 20. Rhc1 Rb4 21. Rc5 Ra7 22. R1c2 g6 23. Kc3 Kf8 24. Rxa5 Rxa5 25. Kxb4 1-0

[Event "Winnipeg TNT July op"]
[Site "Winnipeg CAN"]
[Date "2009.07.28"]
[Round "4"]
[White "Keer, Keer"]
[Black "Lipic, Stephen"]
[Result "0-1"]
[WhiteElo "1406"]
[BlackElo "1725"]
[PlyCount "95"]
[GameId "2160767910156403"]
[EventDate "2009.07.07"]
[EventType "swiss"]
[EventRounds "4"]
[EventCountry "CAN"]
[SourceTitle "EXT 2011"]
[Source "ChessBase"]
[SourceDate "2011.11.26"]
[SourceVersion "1"]
[SourceVersionDate "2011.11.26"]
[SourceQuality "1"]

1. e4 c6 2. d3 d5 3. exd5 cxd5 4. d4 Nf6 5. Be3 Bf5 6. Nc3 Nc6 7. Bb5 e6 8. Nf3 Bd6 9. O-O O-O 10. Re1 Nb4 11. Rc1 Ne4 12. Nxe4 Bxe4 13. a3 Nc6 14. c4 a6 15. Ba4 Ne7 16. c5 Bc7 17. Bg5 f6 18. Bh4 Nf5 19. Bg3 Nxg3 20. fxg3 g6 21. Qe2 Kg7 22. Bc2 f5 23. Nd2 Qf6 24. Nxe4 fxe4 25. Qe3 Bd8 26. Rf1 Qg5 27. Qb3 Bf6 28. Qxb7+ Kh6 29. Qb4 Qe3+ 30. Kh1 Rab8 31. Qc3 Qxd4 32. Qxd4 Bxd4 33. b4 a5 34. Rfd1 Bb2 35. Rb1 Bxa3 36. bxa5 Bxc5 37. Rxb8 Rxb8 38. Ra1 Rb2 39. Ba4 d4 40. Bd7 e5 41. a6 Ba7 42. h4 d3 43. Bc6 e3 44. Kg1 e2+ 45. Kh2 d2 46. g4 e1=Q 47. g5+ Kg7 48. Rxe1 0-1

[Event "Winnipeg TNT July op"]
[Site "Winnipeg CAN"]
[Date "2009.07.28"]
[Round "4"]
[White "Kernetsky, Myron"]
[Black "Greenberg, Harley"]
[Result "1-0"]
[WhiteElo "2022"]
[BlackElo "1788"]
[PlyCount "77"]
[GameId "2160767910156404"]
[EventDate "2009.07.07"]
[EventType "swiss"]
[EventRounds "4"]
[EventCountry "CAN"]
[SourceTitle "EXT 2011"]
[Source "ChessBase"]
[SourceDate "2011.11.26"]
[SourceVersion "1"]
[SourceVersionDate "2011.11.26"]
[SourceQuality "1"]

1. d4 e6 2. c4 Nf6 3. Nf3 b6 4. a3 Bb7 5. Nc3 d5 6. Bf4 a6 7. e3 Bd6 8. Bg3 O-O 9. Bd3 Nbd7 10. Bxd6 cxd6 11. O-O dxc4 12. Bxc4 Ne4 13. Rc1 Rc8 14. Nxe4 Bxe4 15. Bxa6 Rxc1 16. Qxc1 Qa8 17. Bb5 Rc8 18. Qd1 Nf6 19. Bd3 Bxd3 20. Qxd3 Qa4 21. h3 Qc2 22. Qb5 Nd5 23. Re1 h6 24. Qe2 Qb3 25. Rd1 f5 26. Qd2 f4 27. Rc1 Rf8 28. Qc2 Qxc2 29. Rxc2 fxe3 30. fxe3 Nxe3 31. Rc6 e5 32. Rxd6 e4 33. Nd2 Nf5 34. Re6 e3 35. Nf1 Rc8 36. Nxe3 Kf7 37. d5 Nxe3 38. Rxe3 Rc2 39. Rb3 1-0

[Event "Winnipeg TNT July op"]
[Site "Winnipeg CAN"]
[Date "2009.07.28"]
[Round "4"]
[White "Lauritson, Jim"]
[Black "Khedkar, Jay S"]
[Result "0-1"]
[WhiteElo "1944"]
[BlackElo "2022"]
[PlyCount "90"]
[GameId "2160767910156406"]
[EventDate "2009.07.07"]
[EventType "swiss"]
[EventRounds "4"]
[EventCountry "CAN"]
[SourceTitle "EXT 2011"]
[Source "ChessBase"]
[SourceDate "2011.11.26"]
[SourceVersion "1"]
[SourceVersionDate "2011.11.26"]
[SourceQuality "1"]

1. d4 d5 2. c4 e6 3. Nc3 Nf6 4. cxd5 exd5 5. Bg5 Be7 6. e3 O-O 7. Bd3 Nbd7 8. Nge2 Re8 9. Qc2 Nf8 10. O-O c6 11. Ng3 g6 12. f3 Ne6 13. Bh6 Bd6 14. Qf2 c5 15. Rad1 cxd4 16. exd4 Bf4 17. Bxf4 Nxf4 18. Qd2 N6h5 19. Nxh5 Nxh5 20. Rfe1 Be6 21. Re5 Qh4 22. Qe3 Ng7 23. Qf2 Qxf2+ 24. Kxf2 f6 25. Re2 Bf7 26. Rde1 Rxe2+ 27. Rxe2 Re8 28. Nb5 Rxe2+ 29. Kxe2 a6 30. Nd6 b5 31. a4 bxa4 32. Bxa6 Ne6 33. Ke3 Nc7 34. Bb5 Nxb5 35. Nxb5 Be8 36. Nc7 Bc6 37. Kd3 Kf7 38. Kc3 Ke7 39. Kb4 h5 40. Nb5 Ke6 41. Kxa4 Kf5 42. g3 g5 43. Kb4 g4 44. fxg4+ Kxg4 45. Nc3 Kh3 0-1

[Event "Winnipeg TNT July op"]
[Site "Winnipeg CAN"]
[Date "2009.07.28"]
[Round "4"]
[White "Lipnowski, Samuel"]
[Black "Nikouline, Alexandre"]
[Result "1-0"]
[WhiteElo "2280"]
[BlackElo "2137"]
[PlyCount "61"]
[GameId "2160767910156407"]
[EventDate "2009.07.07"]
[EventType "swiss"]
[EventRounds "4"]
[EventCountry "CAN"]
[SourceTitle "EXT 2011"]
[Source "ChessBase"]
[SourceDate "2011.11.26"]
[SourceVersion "1"]
[SourceVersionDate "2011.11.26"]
[SourceQuality "1"]

1. e4 e5 2. Nf3 Nc6 3. Bb5 Nf6 4. d3 d6 5. c3 Be7 6. O-O O-O 7. Nbd2 Bd7 8. Re1 Nb8 9. Bc4 c5 10. Nf1 Nc6 11. Bb3 Nh5 12. Ne3 Nf4 13. Nd5 Ne6 14. Be3 Kh8 15. Bc2 Ng5 16. Nxg5 Bxg5 17. Qh5 Bxe3 18. Rxe3 f5 19. Rh3 h6 20. Qg6 Be8 21. Rxh6+ gxh6 22. Qxh6+ Kg8 23. Bb3 Bf7 24. Nf6+ Qxf6 25. Qxf6 Bxb3 26. Qg6+ Kh8 27. axb3 Rad8 28. exf5 Rd7 29. Ra4 Rg7 30. Qh6+ Rh7 31. Qxf8# 1-0

[Event "Winnipeg TNT July op"]
[Site "Winnipeg CAN"]
[Date "2009.07.28"]
[Round "4"]
[White "Oberton, Daniel"]
[Black "Bince, Rolando"]
[Result "0-1"]
[WhiteElo "2011"]
[BlackElo "2043"]
[PlyCount "64"]
[GameId "2160767910156408"]
[EventDate "2009.07.07"]
[EventType "swiss"]
[EventRounds "4"]
[EventCountry "CAN"]
[SourceTitle "EXT 2011"]
[Source "ChessBase"]
[SourceDate "2011.11.26"]
[SourceVersion "1"]
[SourceVersionDate "2011.11.26"]
[SourceQuality "1"]

1. e4 c5 2. Nf3 d6 3. d4 cxd4 4. Nxd4 Nf6 5. Nc3 a6 6. Be2 g6 7. g4 Bg7 8. Be3 b5 9. a3 Bb7 10. f3 h5 11. g5 Nfd7 12. Qd2 Ne5 13. f4 Nc4 14. Bxc4 bxc4 15. Rf1 Nd7 16. f5 O-O 17. fxg6 fxg6 18. Ne6 Rxf1+ 19. Kxf1 Qa5 20. Nxg7 Kxg7 21. Qd4+ Ne5 22. Kg2 Rf8 23. Ne2 Qc7 24. Bf4 Kg8 25. Bxe5 dxe5 26. Qe3 Qc6 27. Nc3 Qe6 28. h3 Rf4 29. Kh2 Qf7 30. Rg1 Rf3 31. Qe1 Qf4+ 32. Kg2 Rxc3 0-1

[Event "Winnipeg TNT July op"]
[Site "Winnipeg CAN"]
[Date "2009.07.28"]
[Round "4"]
[White "Raihman, Igal"]
[Black "Swift, Ryne"]
[Result "1/2-1/2"]
[WhiteElo "1880"]
[BlackElo "1737"]
[PlyCount "120"]
[GameId "2160767910156409"]
[EventDate "2009.07.07"]
[EventType "swiss"]
[EventRounds "4"]
[EventCountry "CAN"]
[SourceTitle "EXT 2011"]
[Source "ChessBase"]
[SourceDate "2011.11.26"]
[SourceVersion "1"]
[SourceVersionDate "2011.11.26"]
[SourceQuality "1"]

1. e4 e5 2. Nf3 Nc6 3. Bb5 a6 4. Bxc6 dxc6 5. O-O Bd6 6. d4 exd4 7. Qxd4 f6 8. h3 Ne7 9. Rd1 Be6 10. Nc3 O-O 11. e5 Bxe5 12. Qe3 Qe8 13. Nxe5 fxe5 14. Qxe5 Nd5 15. Re1 Bf7 16. Bd2 Qxe5 17. Rxe5 Rae8 18. Rae1 Rxe5 19. Rxe5 Re8 20. Rxe8+ Bxe8 21. Nxd5 cxd5 22. b4 Bb5 23. c3 Kf7 24. f4 Kf6 25. Kf2 c6 26. g4 h6 27. h4 h5 28. gxh5 Kf5 29. Be3 a5 30. a3 axb4 31. cxb4 Ke4 32. f5 Kxf5 33. Bd4 Kg4 34. Bxg7 Kxh5 35. Bf6 Kg6 36. Bd4 Kh5 37. Kg3 Ba4 38. Bf2 Kg6 39. Kf4 Kf6 40. Bd4+ Ke6 41. h5 Bc2 42. h6 b5 43. Ke3 Bh7 44. Bg7 Ke7 45. Kd4 Ke6 46. Kc5 Kd7 47. Kd4 Kd6 48. Kc3 Kc7 49. Kb3 Kb6 50. Bd4+ Kc7 51. a4 bxa4+ 52. Kxa4 Kb7 53. Kb3 Kc7 54. Kc3 Kd6 55. Bg7 Kd7 56. Kd4 Ke6 57. Kc5 Kd7 58. b5 cxb5 59. Kxd5 Ke7 60. Ke5 Kf7 1/2-1/2

[Event "Winnipeg TNT July op"]
[Site "Winnipeg CAN"]
[Date "2009.07.28"]
[Round "4"]
[White "Wasserman, Leor"]
[Black "Pang, Michael"]
[Result "0-1"]
[WhiteElo "1630"]
[BlackElo "1597"]
[PlyCount "120"]
[GameId "2160767910156410"]
[EventDate "2009.07.07"]
[EventType "swiss"]
[EventRounds "4"]
[EventCountry "CAN"]
[SourceTitle "EXT 2011"]
[Source "ChessBase"]
[SourceDate "2011.11.26"]
[SourceVersion "1"]
[SourceVersionDate "2011.11.26"]
[SourceQuality "1"]

1. e4 c5 2. Nf3 d6 3. c3 Nc6 4. d4 cxd4 5. cxd4 Nf6 6. Nc3 g6 7. Bc4 Bg7 8. Be3 O-O 9. O-O Nxe4 10. Nxe4 d5 11. Bxd5 Qxd5 12. Nc3 Qd8 13. d5 Nb4 14. a3 Bxc3 15. axb4 Bxb2 16. Rxa7 Rxa7 17. Bxa7 Bg4 18. Qb3 Bg7 19. Re1 b6 20. Qe3 Bxf3 21. Bxb6 Qxd5 22. Qxf3 Qxf3 23. gxf3 e6 24. Bc5 Rd8 25. Rb1 Be5 26. b5 Bb8 27. b6 f5 28. b7 Kf7 29. h3 Ke8 30. Rb6 Kd7 31. Ra6 Re8 32. Be3 Kc7 33. Rb6 Ba7 34. Rb3 Bxe3 35. fxe3 Rb8 36. Kg2 Rxb7 37. Rxb7+ Kxb7 38. Kg3 Kc6 39. Kh4 h6 40. Kg3 Kd5 41. Kf4 e5+ 42. Kg3 Ke6 43. e4 Kf6 44. h4 h5 45. Kf2 g5 46. hxg5+ Kxg5 47. Kg3 h4+ 48. Kh3 fxe4 49. fxe4 Kf4 50. Kxh4 Kxe4 51. Kg3 Ke3 52. Kg2 Ke2 53. Kg1 e4 54. Kg2 e3 55. Kg3 Kd2 56. Kf4 e2 57. Ke4 e1=Q+ 58. Kd5 Kc3 59. Kc6 Kc4 60. Kb7 Qe6 0-1

[Event "Winnipeg TNT July op"]
[Site "Winnipeg CAN"]
[Date "2009.07.28"]
[Round "4.4"]
[White "Trueman, Francis"]
[Black "Ott, Richard"]
[Result "0-1"]
[WhiteElo "1498"]
[BlackElo "1466"]
[PlyCount "66"]
[GameId "2160767910156411"]
[EventDate "2009.07.07"]
[EventType "swiss"]
[EventRounds "4"]
[EventCountry "CAN"]

1. Nf3 d5 2. d3 Nf6 3. Nbd2 Nc6 4. g3 e5 5. e4 Bc5 6. Bg2 h6 7. O-O Be6 8. Qe2 d4 9. c3 Qd7 10. c4 O-O 11. Re1 a5 12. Nf1 Bg4 13. h4 Rae8 14. N1h2 Bh3 15. Bd2 Bxg2 16. Kxg2 Nb4 17. Bc1 Na6 18. Rg1 b5 19. cxb5 Qxb5 20. Nd2 Bb6 21. Nc4 Nc5 22. b3 Qc6 23. g4 Nfd7 24. g5 f5 25. gxf6 Nxf6 26. f3 Nh5 27. Kh1 Nf4 28. Bxf4 Rxf4 29. Qg2 Qf6 30. Qg6 Qxg6 31. Rxg6 Nxd3 32. Ng4 Rxf3 33. Kg2 Rf7 0-1

[Event "Winnipeg TNT June op"]
[Site "Winnipeg CAN"]
[Date "2009.06.02"]
[Round "1"]
[White "Czarny, Keith"]
[Black "Kaptsan, Aron"]
[Result "0-1"]
[WhiteElo "1634"]
[BlackElo "2052"]
[PlyCount "54"]
[GameId "2160767910156514"]
[EventDate "2009.06.02"]
[EventType "swiss"]
[EventRounds "4"]
[EventCountry "CAN"]
[SourceTitle "EXT 2011"]
[Source "ChessBase"]
[SourceDate "2011.11.26"]
[SourceVersion "1"]
[SourceVersionDate "2011.11.26"]
[SourceQuality "1"]

1. c4 Nf6 2. Nf3 c6 3. g3 d5 4. cxd5 cxd5 5. Bg2 Bf5 6. Nd4 Bg6 7. O-O e6 8. Nc3 Nc6 9. Qa4 Qd7 10. Nf3 h6 11. d3 Be7 12. Bf4 O-O 13. e4 Nb4 14. exd5 Qxa4 15. Nxa4 Nfxd5 16. Ne5 Nxf4 17. gxf4 Nxd3 18. Nxg6 fxg6 19. Rfd1 Nxf4 20. Bxb7 Rab8 21. Rd7 Bh4 22. f3 Bf6 23. Re1 Rfd8 24. Rxd8+ Rxd8 25. b3 Rd2 26. Bc8 Bd4+ 27. Kh1 e5 0-1

[Event "Winnipeg TNT June op"]
[Site "Winnipeg CAN"]
[Date "2009.06.02"]
[Round "1"]
[White "Green, Aaron"]
[Black "Ott, Richard"]
[Result "1-0"]
[WhiteElo "1830"]
[BlackElo "1477"]
[PlyCount "71"]
[GameId "2160767910156515"]
[EventDate "2009.06.02"]
[EventType "swiss"]
[EventRounds "4"]
[EventCountry "CAN"]
[SourceTitle "EXT 2011"]
[Source "ChessBase"]
[SourceDate "2011.11.26"]
[SourceVersion "1"]
[SourceVersionDate "2011.11.26"]
[SourceQuality "1"]

1. e4 c5 2. Nf3 Nc6 3. d4 cxd4 4. Nxd4 g6 5. Nxc6 bxc6 6. Qd4 Nf6 7. e5 Nd5 8. e6 Nf6 9. exf7+ Kxf7 10. c3 Bg7 11. Qd1 d5 12. Be2 Rf8 13. O-O Kg8 14. Nd2 Qc7 15. h3 a5 16. Nf3 Ne4 17. Bd3 Nc5 18. Bc2 e5 19. Be3 Ne6 20. Ng5 Nxg5 21. Bxg5 Rb8 22. Rb1 Kh8 23. Qd2 Ba6 24. Bd3 Bxd3 25. Qxd3 e4 26. Qd2 Qe5 27. Be3 Rb7 28. Bd4 Qf5 29. b3 Bxd4 30. cxd4 Rbf7 31. Rbd1 Qh5 32. Rde1 Qh4 33. Rc1 Rf5 34. Rxc6 Rh5 35. Qc1 g5 36. Rc8 1-0

[Event "Winnipeg TNT June op"]
[Site "Winnipeg CAN"]
[Date "2009.06.02"]
[Round "1"]
[White "Greenberg, Harley"]
[Black "Wiebe, Isaac"]
[Result "1-0"]
[WhiteElo "1744"]
[BlackElo "1504"]
[PlyCount "70"]
[GameId "2160767910156516"]
[EventDate "2009.06.02"]
[EventType "swiss"]
[EventRounds "4"]
[EventCountry "CAN"]
[SourceTitle "EXT 2011"]
[Source "ChessBase"]
[SourceDate "2011.11.26"]
[SourceVersion "1"]
[SourceVersionDate "2011.11.26"]
[SourceQuality "1"]

1. e4 c5 2. Nf3 e6 3. d4 cxd4 4. Nxd4 a6 5. Nc3 Qc7 6. Bd3 Bc5 7. Nb3 Ba7 8. O-O Nc6 9. Qe2 Nf6 10. Be3 Bb8 11. f4 d6 12. Rae1 b5 13. Kh1 Bb7 14. Nd5 exd5 15. exd5 Ne7 16. Bb6 Nfg8 17. Bxc7 Bxc7 18. Bxb5+ Kf8 19. Ba4 Bxd5 20. Nd4 Rb8 21. Nc6 Nxc6 22. c4 Be6 23. Bxc6 Ne7 24. Bd7 Ba5 25. f5 Bxe1 26. fxe6 f6 27. Rxe1 g6 28. Qd2 Kg7 29. Qxd6 Nf5 30. Qc7 Rxb2 31. e7 Nd6 32. e8=Q Nxe8 33. Bxe8+ Kh6 34. Qf4+ Kg7 35. Qe3 Rb7 1-0

[Event "Winnipeg TNT June op"]
[Site "Winnipeg CAN"]
[Date "2009.06.02"]
[Round "1"]
[White "Hemphill, Jim"]
[Black "Vincent, Trevor"]
[Result "0-1"]
[WhiteElo "1654"]
[BlackElo "2266"]
[PlyCount "30"]
[GameId "2160767910156517"]
[EventDate "2009.06.02"]
[EventType "swiss"]
[EventRounds "4"]
[EventCountry "CAN"]
[SourceTitle "EXT 2011"]
[Source "ChessBase"]
[SourceDate "2011.11.26"]
[SourceVersion "1"]
[SourceVersionDate "2011.11.26"]
[SourceQuality "1"]

1. d4 f5 2. c4 Nf6 3. Nc3 e6 4. e4 fxe4 5. f3 d5 6. fxe4 dxe4 7. Be3 Nc6 8. Be2 e5 9. d5 Ne7 10. g4 Ng6 11. g5 Nd7 12. Nxe4 Bb4+ 13. Bd2 Be7 14. Bh5 Nc5 15. Qe2 O-O 0-1

[Event "Winnipeg TNT June op"]
[Site "Winnipeg CAN"]
[Date "2009.06.02"]
[Round "1"]
[White "Keer, Keer"]
[Black "Rutter, Blair"]
[Result "0-1"]
[WhiteElo "1406"]
[BlackElo "1829"]
[PlyCount "92"]
[GameId "2160767910156518"]
[EventDate "2009.06.02"]
[EventType "swiss"]
[EventRounds "4"]
[EventCountry "CAN"]
[SourceTitle "EXT 2011"]
[Source "ChessBase"]
[SourceDate "2011.11.26"]
[SourceVersion "1"]
[SourceVersionDate "2011.11.26"]
[SourceQuality "1"]

1. e4 e6 2. d3 d5 3. Nc3 c5 4. exd5 exd5 5. Nf3 Nc6 6. Qe2+ Be6 7. g3 Be7 8. Bg2 Nf6 9. O-O O-O 10. Bg5 Qd7 11. Rfe1 Rae8 12. a3 Bg4 13. Qd2 d4 14. Na2 Nd8 15. Ne5 Qc8 16. Nxg4 Qxg4 17. h3 Qd7 18. Qa5 b6 19. Qa6 Ne6 20. Bxf6 Bxf6 21. c3 Re7 22. c4 Rfe8 23. b4 g6 24. b5 Ng5 25. Rxe7 Rxe7 26. h4 Nh3+ 27. Kf1 Qf5 28. Bxh3 Qxh3+ 29. Kg1 Qf5 30. Nc1 Qf3 31. Qc8+ Kg7 32. Nb3 Qxd3 33. Nxc5 bxc5 34. Qxc5 Qf3 35. a4 d3 36. Rf1 d2 37. Qc6 Qxc6 38. bxc6 Bc3 39. Kg2 Rc7 40. Kf3 Rxc6 41. Ke2 Rxc4 42. Kd3 Rc6 43. Rd1 Ba5 44. f4 Rc1 45. Rxd2 Bxd2 46. Kxd2 Rg1 0-1

[Event "Winnipeg TNT June op"]
[Site "Winnipeg CAN"]
[Date "2009.06.02"]
[Round "1"]
[White "Kernetsky, Myron"]
[Black "Trinidad, Kris"]
[Result "1-0"]
[WhiteElo "1981"]
[BlackElo "1578"]
[PlyCount "53"]
[GameId "2160767910156519"]
[EventDate "2009.06.02"]
[EventType "swiss"]
[EventRounds "4"]
[EventCountry "CAN"]
[SourceTitle "EXT 2011"]
[Source "ChessBase"]
[SourceDate "2011.11.26"]
[SourceVersion "1"]
[SourceVersionDate "2011.11.26"]
[SourceQuality "1"]

1. d4 d5 2. Nf3 Nf6 3. c4 c6 4. Nc3 g6 5. Bf4 Bg7 6. e3 O-O 7. h3 Qb6 8. Qd2 dxc4 9. Bxc4 Na6 10. O-O Qd8 11. Rfd1 Nb4 12. e4 Re8 13. a3 b5 14. Bxf7+ Kxf7 15. Ne5+ Kg8 16. axb4 Bb7 17. Qc2 Qb6 18. Qb3+ e6 19. Nd3 Nd7 20. Nc5 Bc8 21. Nxe6 Kh8 22. Nxg7 Kxg7 23. Bd6 Nf8 24. Be5+ Kh6 25. Qf7 Be6 26. Qf4+ g5 27. Qf6+ 1-0

[Event "Winnipeg TNT June op"]
[Site "Winnipeg CAN"]
[Date "2009.06.02"]
[Round "1"]
[White "Menard, Trevor"]
[Black "Lipic, Stephen"]
[Result "0-1"]
[WhiteElo "1277"]
[BlackElo "1738"]
[PlyCount "44"]
[GameId "2160767910156520"]
[EventDate "2009.06.02"]
[EventType "swiss"]
[EventRounds "4"]
[EventCountry "CAN"]
[SourceTitle "EXT 2011"]
[Source "ChessBase"]
[SourceDate "2011.11.26"]
[SourceVersion "1"]
[SourceVersionDate "2011.11.26"]
[SourceQuality "1"]

1. Nf3 f5 2. e3 e6 3. g3 Nf6 4. Bg2 Be7 5. O-O O-O 6. b3 d5 7. d3 Nbd7 8. Bb2 c6 9. Nbd2 Qe8 10. c4 Bc5 11. Nd4 Bxd4 12. exd4 Qg6 13. Nf3 f4 14. Nh4 Qf7 15. Qe2 Re8 16. Bh3 Nf8 17. Qf3 g5 18. gxf4 gxh4 19. Qg2+ Qg7 20. Qg5 Nh5 21. Bc1 Ng6 22. Qxh5 Nxf4+ 0-1

[Event "Winnipeg TNT June op"]
[Site "Winnipeg CAN"]
[Date "2009.06.02"]
[Round "1"]
[White "Milord, Frank"]
[Black "Boron, Anthony"]
[Result "1/2-1/2"]
[WhiteElo "1591"]
[BlackElo "1957"]
[PlyCount "43"]
[GameId "2160767910156521"]
[EventDate "2009.06.02"]
[EventType "swiss"]
[EventRounds "4"]
[EventCountry "CAN"]
[SourceTitle "EXT 2011"]
[Source "ChessBase"]
[SourceDate "2011.11.26"]
[SourceVersion "1"]
[SourceVersionDate "2011.11.26"]
[SourceQuality "1"]

1. e4 c5 2. Nf3 e6 3. d4 cxd4 4. Nxd4 Nf6 5. Nc3 Nc6 6. Be3 Bb4 7. f3 Qa5 8. Qd2 O-O 9. Nb3 Bxc3 10. bxc3 Qd8 11. Bc5 Re8 12. Bd6 a5 13. a4 Kh8 14. e5 Nd5 15. O-O-O Qh4 16. g3 Qxa4 17. Kb2 Nxe5 18. Bxe5 Qc6 19. Nd4 Qb6+ 20. Nb5 d6 21. Bd4 Qc6 22. Na7 1/2-1/2

[Event "Winnipeg TNT June op"]
[Site "Winnipeg CAN"]
[Date "2009.06.02"]
[Round "1"]
[White "Mundwiler, Les"]
[Black "Evans, Brian"]
[Result "1-0"]
[WhiteElo "2017"]
[BlackElo "1596"]
[PlyCount "51"]
[GameId "2160767910156522"]
[EventDate "2009.06.02"]
[EventType "swiss"]
[EventRounds "4"]
[EventCountry "CAN"]
[SourceTitle "EXT 2011"]
[Source "ChessBase"]
[SourceDate "2011.11.26"]
[SourceVersion "1"]
[SourceVersionDate "2011.11.26"]
[SourceQuality "1"]

1. c4 Nf6 2. Nc3 d5 3. e3 e5 4. Nge2 d4 5. Nb5 c6 6. Na3 Bxa3 7. bxa3 dxe3 8. fxe3 Ne4 9. d3 Nc5 10. Ng3 Qa5+ 11. Qd2 Qxd2+ 12. Bxd2 Ne6 13. Bc3 f6 14. Ne4 O-O 15. Nd6 Na6 16. O-O-O Bd7 17. Nxb7 Rab8 18. Na5 c5 19. Be2 Ba4 20. Rd2 Rb6 21. Bd1 Rfb8 22. Bc2 Bxc2 23. Kxc2 Nac7 24. Rhd1 Rd8 25. h4 Rbd6 26. Nb7 1-0